000 00507nam a2200181Ia 4500
999 _c7486
_d7486
003 OSt
005 20200109131748.0
008 190216s9999||||xx |||||||||||||| ||und||
020 _a8122502946
040 _coclc
082 _a658.022
_bSHU/E
100 _aShukla M B
_91108
245 0 _aEntrepreneurship And Small Business Management /
_cM B Shukla
260 _bKitab Mahal,
_c2009.
300 _a672p
650 _xManagement
942 _cBK
_2ddc
_h658.022
_iSHU/E
_k658.022
_mSHU/E